000 00459nam a2200169Ia 4500
003 GCL
008 140319s9999 xx 000 0 ara d
040 _aGCL /
_cGCL
082 0 4 _a953.2
_bع ث
100 1 _aعبدالله الهلال
245 1 0 _aثورة اليمن الدستورية /
_cعبدالله الهلال
300 _a256
490 _aكتاب
_v0
650 0 4 _aاليمن
650 0 4 _aالتاريخ الاسلامى
942 _2ddc
_cBK
999 _c42557
_d42557